Paris 2024 Olympics: Athletics/Track and Field part 6: Men's 5000m - Statistics

General Stats
  • This quiz has been taken 14 times
  • The average score is 15 of 63
Answer Stats
Event Result Athlete Nationality % Correct
Men's 5000m Final 13:13,66 (SB) Jacob Ingebrigtsen Norway
82%
Men's 5000m Round 1 13:51,59 Jakob Ingebrigtsen Norway
82%
Men's 5000m Final 13:15,13 Grant Fisher Usa
73%
Men's 5000m Round 1 13:52,44 Grant Fisher Usa
73%
Men's 5000m Round 1 14:09,95 Jimmy Gressier France
55%
Men's 5000m Final 13:31,34 Narve Gilje Nordas Norway
55%
Men's 5000m Round 1 14,08,16 Narve Gilje Nordas Norway
55%
Men's 5000m Final 13:15,27 Dominic Lokinyomo Lobalu Refugee Olympic Team
45%
Men's 5000m Round 1 14:15,49 Dominic Lokinyomo Lobalu Refugee Olympic Team
45%
Men's 5000m Round 1 14:15,76 Mohammed Ahmed Canada
36%
Men's 5000m Final 13:24,07 Thierry Ndikumwenayo Spain
36%
Men's 5000m Round 1 DNF Thierry Ndikumwenayo Spain
36%
Men's 5000m Final 13:20,63 Yann Schrub France
36%
Men's 5000m Round 1 13:53,27 Yann Schrub France
36%
Men's 5000m Round 1 DNS Andreas Almgren Sweden
27%
Men's 5000m Final 13:15,32 Hagos Gebrhiwet Ethiopia
27%
Men's 5000m Round 1 14:08,18 Hagos Gebrhiwet Ethiopia
27%
Men's 5000m Final 13:26,71 (SB) Hugo Hay France
27%
Men's 5000m Round 1 14:09,22 Hugo Hay France
27%
Men's 5000m Final 13:18,10 Isaac Kimeli Belgium
27%
Men's 5000m Round 1 13:52,18 Isaac Kimeli Belgium
27%
Men's 5000m Final 13:19,25 John Heymans Belgium
27%
Men's 5000m Round 1 14:08,33 John Heymans Belgium
27%
Men's 5000m Round 1 13:58,81 Luis Grijalva Guatemala
27%
Men's 5000m Final 13:31,38 Stewart McSweyn Australia
27%
Men's 5000m Round 1 14:12,31 Stewart McSweyn Australia
27%
Men's 5000m Round 1 14:15,00 Abdihamid Nur Usa
18%
Men's 5000m Final 13:17,18 Edwin Kurgat Kenya
18%
Men's 5000m Round 1 14:08,76 Edwin Kurgat Kenya
18%
Men's 5000m Round 1 14:14,46 Elzan Bibic Serbia
18%
Men's 5000m Final 13:32,32 George Mills Uk
18%
Men's 5000m Round 1 14:37,08 George Mills Uk
18%
Men's 5000m Final 13:18,67 Graham Blanks Usa
18%
Men's 5000m Round 1 14:09,06 Graham Blanks Usa
18%
Men's 5000m Round 1 13:57,47 Mohamed Ismail Djibouti
18%
Men's 5000m Final 13:31,56 Oscar Chelimo Uganda
18%
Men's 5000m Round 1 13:52,46 Oscar Chelimo Uganda
18%
Men's 5000m Final 13:15,04 Ronald Kwemoi Kenya
18%
Men's 5000m Round 1 13:52,51 Ronald Kwemoi Kenya
18%
Men's 5000m Round 1 14:11,88 Abdi Waiss Djibouti
9%
Men's 5000m Final 13:22,33 Addisu Yihune Ethiopia
9%
Men's 5000m Round 1 13:52,62 Addisu Yihune Ethiopia
9%
Men's 5000m Round 1 DNS Adel Mechaal Spain
9%
Men's 5000m Round 1 14:16,77 Aron Kifle Eritrea
9%
Men's 5000m Round 1 13:59,23 Benjamin Flanagan Canada
9%
Men's 5000m Final 13:15,99 Biniam Mehary Ethiopia
9%
Men's 5000m Round 1 13:51,82 Biniam Mehary Ethiopia
9%
Men's 5000m Round 1 13:53,11 Birhanu Balew Bahrain
9%
Men's 5000m Round 1 13:55,35 Brian Fay Ireland
9%
Men's 5000m Final 13:31,50 Dawit Seare Eritrea
9%
Men's 5000m Round 1 13:52,53 Dawit Seare Eritea
9%
Men's 5000m Round 1 14:11,29 Egide Ntakarutimana Burundi
9%
Men's 5000m Final 13:18,68 (SB) Jacob Krop Kenya
9%
Men's 5000m Round 1 14:08,73 Jacob Krop Kenya
9%
Men's 5000m Round 1 13:55,04 Jonas Raess Switzerland
9%
Men's 5000m Final 13:21,56 Mike Foppen Netherlands
9%
Men's 5000m Round 1 14:37,34 Mike Foppen Netherlands
9%
Men's 5000m Round 1 13:52,67 Morgan McDonald Australia
9%
Men's 5000m Round 1 14:13,48 Patrick Dever Uk
9%
Men's 5000m Round 1 14:02,46 San Atkin Uk
9%
Men's 5000m Round 1 13:56,40 Santiago Catrofe Uruguay
9%
Men's 5000m Final 13:49,69 Thomas Fafard Canada
9%
Men's 5000m Round 1 14:09,37 Thomas Fafard Canada
9%
No matching quizzes found
Score Distribution
Percent of People with Each Score
Percentile by Number Answered
Your Score History
You have not taken this quiz